Проблемы статистической физики и теории поля: сборник научных трудов

מידע ביבליוגרפי
מחברים אחרים: Запарованный Ю. И. (редактор)
שפה:רוסית
יצא לאור: Москва, Изд-во Ун-та дружбы народов, 1987
נושאים:
פורמט: MixedMaterials ספר
KOHA link:https://koha.lib.tpu.ru/cgi-bin/koha/opac-detail.pl?biblionumber=251486

MARC

LEADER 00000nam0a2200000 4500
001 251486
005 20231101232648.0
035 |a (RuTPU)RU\TPU\book\273785 
090 |a 251486 
100 |a 20140221d1987 k y0rusy50 ca 
101 0 |a rus 
102 |a RU 
105 |a y z 001zy 
200 1 |a Проблемы статистической физики и теории поля  |e сборник научных трудов  |f под ред. Ю. И. Запарованного 
210 |a Москва  |c Изд-во Ун-та дружбы народов  |d 1987 
215 |a 163 с. 
320 |a Библиография в конце статей 
606 1 |a Статистическая физика  |2 stltpush  |3 (RuTPU)RU\TPU\subj\27931  |9 51579 
606 1 |a Поле, теория  |x (физика)  |2 stltpush  |3 (RuTPU)RU\TPU\subj\50048  |9 68808 
610 1 |a нелинейная теория 
610 1 |a общая теория относительности 
610 1 |a элементарные частицы 
610 1 |a квантовые поля 
675 |a 531.19  |v 3 
702 1 |a Запарованный  |b Ю. И.  |4 340 
801 1 |a RU  |b 63413507  |c 20140221 
801 2 |a RU  |b 63413507  |c 20140409  |g RCR 
942 |c BK